000 02979nam0a2200397 i 4500
001 RU\NLR\bibl\1965792
005 20260408094252.0
010 _a9785905498107
_9150
021 _aRU
_b2012-80613
_95979
035 _a(NLR Aleph) 001954724
090 _a3743594
_c3743594
100 _a20121112d2012 k y0rusy50 ca
101 0 _arus
102 _aRU
105 _ay |||||||||
200 1 _aПсихическое здоровье населения как основа национальной безопасности России
_eвсероссийская научно-практическая конференция с международным участием и научно-практическая конференция Современные проблемы социальной и клинической сексологии, 13-15 сентября 2012 года, г. Казань
_eтезисы конференций
_fпод общ. ред. проф. Н.Г. Незнанова, проф. К.К. Яхина
210 _aКазань
_aСПб.
_c[б. и.]
_d2012
215 _a354 с.
_d29
300 _aВ надзаг.: М-во здравоохранения Рос. Федерации, М-во здравоохранения Респ. Татарстан, Рос. о-во психиатров [и др.]
606 _aКлиническая сексология
_jСъезды, совещания и т.п.
_92142503
_3RU\NLR\auth\661595731
606 _aПсихиатрия
_jСъезды, совещания и т.п.
_9906850
_3RU\NLR\auth\6610771
606 _aПсихоневрологическая помощь
_jСъезды, совещания и т.п.
_yРоссийская Федерация
_92210783
_3RU\NLR\auth\661328053
606 1 _aПсихическое здоровье
_jСъезды, совещания и т.п
_91901018
_3RU\NLR\AUTH\661155303
686 _aР70я431(0)
686 _aР64я431(0)
686 _aР11(2)286.1я431(0)
686 1 _aЮ948.1-8я431
702 1 _aНезнанов
_bН. Г.
_gНиколай Григорьевич
_4340
711 1 2 _a"Психическое здоровье населения как основа национальной безопасности России", всероссийская научно-практическая конференция с международным участием
_f2012
_eКазань
_3RU\NLR\AUTH\8810235016
_9355194
711 1 2 _a"Современные проблемы социальной и клинической сексологии", научно-практическая конференция
_f2012
_eКазань
_3RU\NLR\AUTH\8810235017
_9355196
801 0 _aRU
_bNLR
_c20121112
_gRCR
801 1 _aRU
_bNLR
_c20121112
942 _cBOOK
980 _aNBR